000 00698nam a2200241Ia 4500
003 OSt
005 20220928131437.0
006 a|||||r|||| 00| 0
007 ta
008 220927b |||||||| |||| 00| 0 eng d
024 _a63330
037 _cTextual
040 _aSDCL
_cSDCL
_beng
041 _2eng
_aeng
082 _aR693,1, L0
100 _aMookerjee Satkari
_9398884
245 0 _aPramana-Mimamsa
_b Text and translation with critical notes.
260 _aVaranasi
_bTara Publications
_c1970
300 _axxix,197p.
_ccm.
700 _a Tatia Nathmal
_9478157
942 _hR693,1, L0
_cTEXL
_2CC
999 _c790662
_d790662